| 000 | 00480nam a22001937a 4500 | ||
|---|---|---|---|
| 003 | MPLRDC | ||
| 005 | 20220104142900.0 | ||
| 008 | 210129b ||||| |||| 00| 0 eng d | ||
| 020 | _a978-986-5767-30-3 | ||
| 082 | _a177.2 DCLF-3 | ||
| 100 | _a大川隆法 | ||
| 245 |
_a财富吸引力 _c |
||
| 250 | _a初版 | ||
| 260 |
_a台湾 _b信实文化行销有限公司 _c2014 |
||
| 300 | _b252 | ||
| 490 | _aWHAT'S BEING: 33 | ||
| 650 | _a成功法 | ||
| 942 |
_cBK _o177.2 DCLF-3 |
||
| 999 |
_c34513 _d34503 |
||